00542nam a2200181Ia 4500003000900000008004100009040001600050080001700066100001900083245011600102260004800218300001300266650002000279650001100299650001900310650001100329650002000340IN-BaIIA211028s9999 xx 000 0 eng d cIIA Library a537.533bSTU aSturrock, P. A 0aStatic and dynamic electron opticsban account of focusing in lens, deflector and acceleratorcPeter A Sturrock aCambridgebCambridge University Pressc1955 ax, 240p. aElectron optics aLenses aNASA thesaurus aOptics aOptoelectronics